[Event "NED-ch U16 op"]
[Site "Borne"]
[Date "2019.08.10"]
[Round "9"]
[White "Olree, Alex"]
[Black "Van Hille, Clara"]
[Result "1/2-1/2"]
[WhiteElo "1411"]
[BlackElo "1391"]
[PlyCount "43"]
[EventDate "2019.08.05"]
[EventType "swiss"]
[EventRounds "9"]
[EventCountry "NED"]
[SourceTitle "EXT 2020"]
[Source "ChessBase"]
[SourceDate "2019.10.17"]
[SourceVersion "1"]
[SourceVersionDate "2019.10.17"]
[SourceQuality "1"]

1. d4 d5 2. c4 e6 3. Nf3 Nf6 4. g3 Be7 5. Bg2 0-0 6. 0-0 b6 7. cxd5 exd5 8. Ne5 Be6 9. Qc2 Nfd7 10. Nc6 Nxc6 11. Qxc6 Nf6 12. Bf4 Rc8 13. Nd2 Qd7 14. Rac1 Bd6 15. Bxd6 cxd6 16. Qxd7 Bxd7 17. e4 dxe4 18. Nxe4 Nxe4 19. Bxe4 Rfe8 20. Bd3 Be6 21. b3 Bd5 22. Rfd1 1/2-1/2

[Event "NED-ch U16 op"]
[Site "Borne"]
[Date "2019.08.09"]
[Round "8"]
[White "Tiggelman, Laura"]
[Black "Olree, Alex"]
[Result "0-1"]
[WhiteElo "1436"]
[BlackElo "1411"]
[PlyCount "68"]
[EventDate "2019.08.05"]
[EventType "swiss"]
[EventRounds "9"]
[EventCountry "NED"]
[SourceTitle "EXT 2020"]
[Source "ChessBase"]
[SourceDate "2019.10.17"]
[SourceVersion "1"]
[SourceVersionDate "2019.10.17"]
[SourceQuality "1"]

1. e4 g6 2. c3 Bg7 3. Nf3 d5 4. e5 c5 5. d4 Nc6 6. a3 f6 7. Bb5 Qb6 8. Bxc6+ bxc6 9. b4 cxd4 10. cxd4 Ba6 11. Bb2 Nh6 12. Nc3 fxe5 13. Nxe5 Bxe5 14. dxe5 0-0 15. f3 Qe3+ 16. Ne2 Ng4 17. Bd4 Bxe2 18. Bxe3 Bxd1 19. fxg4 Bxg4 20. Rc1 a5 21. Rf1 axb4 22. Rxf8+ Kxf8 23. axb4 Ra2 24. h3 Re2+ 25. Kf1 Rxe3 26. hxg4 Rb3 27. Rxc6 Rxb4 28. Rc8+ Kg7 29. Re8 Rf4+ 30. Kg1 Kf7 31. Rh8 Ke6 32. Rxh7 d4 33. Rh3 Kxe5 34. g5 Ke4 0-1

[Event "NED-ch U16 op"]
[Site "Borne"]
[Date "2019.08.07"]
[Round "5"]
[White "Olree, Alex"]
[Black "Li Behn, Tobias"]
[Result "1-0"]
[WhiteElo "1411"]
[BlackElo "1264"]
[PlyCount "93"]
[EventDate "2019.08.05"]
[EventType "swiss"]
[EventRounds "9"]
[EventCountry "NED"]
[SourceTitle "EXT 2020"]
[Source "ChessBase"]
[SourceDate "2019.10.17"]
[SourceVersion "1"]
[SourceVersionDate "2019.10.17"]
[SourceQuality "1"]

1. d4 d5 2. c4 c6 3. Nf3 Nf6 4. g3 e6 5. Bg2 dxc4 6. Ne5 Bb4+ 7. Nc3 Nd5 8. Qc2 Nb6 9. Be3 N8d7 10. 0-0 0-0 11. Na4 Nd5 12. Bd2 Bxd2 13. Qxd2 N7b6 14. Nxb6 Nxb6 15. Qc3 Na4 16. Qb4 Nb6 17. Rfd1 a5 18. Qc5 Na4 19. Qa3 Nb6 20. Rac1 Qc7 21. Nxc4 Nxc4 22. Rxc4 Rd8 23. e4 Qb6 24. Qe7 Bd7 25. b3 g6 26. Rd3 Be8 27. h4 Rd7 28. Qf6 Qb5 29. Bf1 h5 30. Be2 a4 31. Rc5 Qb4 32. Bd1 Qe1+ 33. Kh2 Qxe4 34. Rd2 axb3 35. g4 Rd5 36. gxh5 Rf5 37. Rxf5 Qxf5 38. Qxf5 exf5 39. Bxb3 Kg7 40. Re2 Kh6 41. hxg6 fxg6 42. Re7 Rb8 43. Kg3 g5 44. Re6+ Kh5 45. hxg5 Kxg5 46. f4+ Kh5 47. Bd1# 1-0

[Event "NED-ch U16 op"]
[Site "Borne"]
[Date "2019.08.06"]
[Round "2"]
[White "Warnaar, Mark"]
[Black "Olree, Alex"]
[Result "0-1"]
[WhiteElo "1175"]
[BlackElo "1411"]
[PlyCount "60"]
[EventDate "2019.08.05"]
[EventType "swiss"]
[EventRounds "9"]
[EventCountry "NED"]
[SourceTitle "EXT 2020"]
[Source "ChessBase"]
[SourceDate "2019.10.17"]
[SourceVersion "1"]
[SourceVersionDate "2019.10.17"]
[SourceQuality "1"]

1. e4 g6 2. d4 Bg7 3. Nf3 d6 4. Nc3 Nf6 5. Bc4 0-0 6. 0-0 Nxe4 7. Bxf7+ Rxf7 8. Nxe4 h6 9. Be3 Bg4 10. Qd2 Bxf3 11. gxf3 Qf8 12. f4 Nd7 13. Kh1 Rd8 14. Rg1 Kh7 15. Rae1 e5 16. dxe5 dxe5 17. fxe5 Nxe5 18. Qe2 Nf3 19. Bc5 Nxg1 20. Rxg1 Qe8 21. Qg4 Qc6 22. Rg2 Rf5 23. Be3 Bxb2 24. Qh4 Rd1+ 25. Rg1 Rxg1+ 26. Kxg1 Bg7 27. Ng5+ Kg8 28. Ne4 Qd7 29. Bxh6 Rh5 30. Bxg7 Qd1+ 0-1